000 00567nam a2200193 i 4500
001 131202
003 ES-MaACL
005 20230906193932.0
007 t|
008 070214s1971 sp |||| | spa d
080 _a821.134.2(899)-96"18"
100 1 _aRodó, José Enrique
_d1871-1917
_998152
245 1 0 _aAriel /
_cJosé Enrique Rodo ; edición de Emilio Gascó Contell.
260 _aSalamanca :
_bAnaya,
_c1971.
300 _a127 p. ;
_c17 cm.
700 1 _aGascó Contell, Emilio.
_955842
852 _aES-MaACL
_jC-44948
999 _c131202
_d131202